000 00613nam a2200229Ia 4500
003 OSt
005 20221005050126.0
006 a|||||r|||| 00| 0
007 ta
008 221004b |||||||| |||| 00| 0 urd d
024 _a9546
037 _cTextual
040 _aCRL
_cCRL
_burd
041 _2urd
_aurd
082 _aO168,3x, M2
100 _aWest Bengal Urdu Academi
_9594302
245 0 _aAfsane
260 _aKolkata
_bW Bengal Urdu Academi India
_c1982
650 _aURDU FICTION
_93298
942 _hO168,3x, M2
_cTEXL
_2cc
999 _c956365
_d956365